| 000 | 00661nam a22002177a 4500 | ||
|---|---|---|---|
| 003 | DO-SdBNP | ||
| 005 | 20220705104917.0 | ||
| 007 | ta | ||
| 008 | 220705b2017 dr ||||| |||| 00| 0 spa d | ||
| 020 | _a9789945090413 | ||
| 040 |
_aDO-SdBNP _bspa _cBNPHU |
||
| 082 | 4 | _222 | |
| 100 |
_973346 _aEscarramán, Víctor |
||
| 245 | 1 | 0 |
_aRostro y sombra : _bnovela / _cVíctor Escarramán |
| 260 |
_aSanto Domingo : _bSantuario, _c2017. |
||
| 300 |
_a280 p. ; _c23 cm. |
||
| 500 | _aIncluye datos biográficos en la solapa de la cubierta | ||
| 590 | _aInventariado, 2022/BT | ||
| 590 | _aLa biblioteca posee i ejemplar autografíado por el autor | ||
| 942 |
_2ddc _cLBS1 |
||
| 999 |
_c52137 _d52137 |
||